| 000 | 00755nam a22002297a 4500 | ||
|---|---|---|---|
| 999 |
_c178196 _d178196 |
||
| 005 | 20210322124747.0 | ||
| 006 | a|||||f|||| 00| 0 | ||
| 007 | tc | ||
| 008 | 180720b xxu||||| |||| 00| 0 eng d | ||
| 010 | _aBR-003216-BR-003227 | ||
| 020 | _c149.00(per set) | ||
| 035 | _a BR-003216 | ||
| 037 | _bN.I.V.H. | ||
| 082 | _aN | ||
| 100 | _aKhushant Singh | ||
| 245 |
_aDelhi A Novel _cKhushwant Singh |
||
| 260 |
_aDehradun _bN.I.V.H. _cDehradun |
||
| 270 |
_a116,Rajpur Road, Dehradun,(Uttarakhand) _bDehradun _e248001 |
||
| 300 |
_a4V.,various pages. _c30cm(HB). |
||
| 942 |
_2ddc _cBRLEN _hN _mKHU |
||